000 00422nam a22001697a 4500
003 SGT
005 20260526164204.0
020 _a9789355426666
082 _a004,HUY
100 _aHUSEN, CHIP
245 _aAI ENGINEERING BUILDING APPLICATIONS WITH FOUNDATION MODELS
250 _a3rd
260 _aMUMBAI
_bSPD
_c2025
300 _a509
650 _aAI engineering, computer science, and technology
942 _2ddc
_cBK
999 _c33351
_d33351